Top Thirteen European Countries with Least Land Area and Population - Statistics

General Stats
  • This quiz has been taken 1,261 times
  • The average score is 23 of 26
Answer Stats
Hint Answer % Correct
0.44 Vatican City
99%
800 Vatican City
99%
542,000 Luxembourg
97%
61 San Marino
97%
32,000 San marino
97%
468 Andorra
96%
75,000 Andorra
96%
2,586 Luxembourg
96%
1.95 Monaco
96%
36,000 Monaco
96%
160 Liechtenstein
94%
37,000 Liechtenstein
94%
316 Malta
92%
419,000 Malta
92%
1,826,000 Kosovo
89%
9,251 Monte Negro
86%
620,000 Monte Negro
86%
1,283,000 Estonia
85%
2,011,000 Latvia
84%
20,273 Slovenia
84%
2,062,000 Slovenia
84%
25,333 Macedonia
80%
33,843 Moldova
80%
324,000 Iceland
76%
28,748 Albania
74%
30,510 Belgium
73%
No matching quizzes found
Score Distribution
Percent of People with Each Score
Percentile by Number Answered
Your Score History
You have not taken this quiz